000 00507nam a2200181Ia 4500
008 240925s9999 xx 000 0 und d
020 _a138412146
082 _a006.693 LUS
100 _aKyee , Lussier -
245 0 _aPower 3D High Speed 3D Graphics in Windows 95 NT
250 _aNA
260 _aGreenwich:
_bManning
_c,1997.
300 _axvii,327p.
_bNA
_fOriginal
500 _aIncludes Index
600 _aComputer Science
650 _aComputer science, information & general works
942 _cBK
999 _c5095
_d5095